00724nam a2200181 i 4500001000300000245017500003260003400178300002900212650004000241655001300281700003700294700003600331040000800367041000700375080002100382008004100403856009800444bg10aDom dostępny 2000 :b120 projektów domów jednorodzinnych : 40 kroków z "Muratorem" do własnego domu /coprac. red. Małgorzata Wilamowska, Teresa Jędrzejewska. aWarszawa :b"Murator",c1999. a242 s. :brys. ;c30 cm. 9aBudownictwo jednorodzinnexprojekty aKatalogi1 aWILAMOWSKA, Małgorzata.eOprac.1 aJĘDRZEJEWSKA, Teresa.eOprac. cBPK0 apl a69::728.3(085.2) s pl f |000 0 pol  uhttp://koha.tu.koszalin.pl/cgi-bin/koha/opac-detail.pl?biblionumber=35930yKatalog online BPK